Wielcy Polacy - Statystyki

Ogólne statystyki
  • Ten quiz został rozwiązany 151 razy
  • Średni wynik to 8 z 16
Statystyki odpowiedzi
Odpowiedź % Poprawnych
Zawisza Czarny rycerz
82%
Andrzej Wajda reżyser
77%
Fryderyk Chopin kompozytor
76%
Mikołaj Kopernik astronom
70%
Mieszko I Książę
66%
Władysław Szpilman Pianista
63%
Wisława Szymborska poetka
61%
Pola Negri aktorka
59%
Jan III Sobieski Król Polski
50%
Józef Piłsudski marszałek
44%
Św.Jadwiga Andegaweńska Król Polski
42%
Kazimierz III Wielki Król Polski
42%
Irena Szewińska lekkoatletka
38%
Halina Konopacka lekkoatletka
38%
Marek Edelman Powstaniec
10%
Janusz Kamiński Operator filmowy
6%
Nie znaleziono quizów pasujących do podanych kryteriów
Rozkład punktacji
Procent ludzi z każdym wynikiem
Percentyl według liczby udzielonych odpowiedzi
Twoja historia wyników
Nie rozwiązałeś tego quizu